Biggest Cities in Countries that Start with T - Statistics

General Stats
  • This quiz has been taken 144 times
  • The average score is 8 of 20
Answer Stats
Population City % Correct
14,300,000 Istanbul
89%
16,900,000 Bangkok
86%
4,675,000 Ankara
85%
2,500,000 Tunis
70%
5,300,000 Dar es Salaam
69%
9,050,000 Taipei
65%
2,950,000 Izmir
60%
1,160,000 Ashgabat
59%
1,820,000 Lome
45%
1,160,000 Antalya
41%
1,950,000 Bursa
30%
1,680,000 Adana
27%
2,800,000 Kaohsiung
24%
1,560,000 Gaziantep
21%
1,210,000 Konya
20%
2,350,000 Taichung
16%
1,300,000 Tainan
13%
1,060,000 Kayseri
11%
1,040,000 Sousse
6%
1,250,000 Chonburi
3%
No matching quizzes found
Score Distribution
Percent of People with Each Score
Percentile by Number Answered
Your Score History
You have not taken this quiz